Países con mayor número de montañas rusas - Estadísticas

Estadísticas generales
  • Esta prueba ha sido intentada 42 veces
  • La puntuación promedio es 16 de 20
Estadísticas de respuestas
Número de montañas rusas País % Correcto
1687 China
100%
847 Estados Unidos
100%
235 Francia
97%
209 Rusia
97%
276 Alemania
95%
64 Canadá
95%
194 Japón
95%
196 Reino Unido
92%
97 Brasil
89%
127 Italia
89%
113 India
86%
124 Turquía
84%
83 Arabia Saudita
81%
75 Polonia
78%
84 Indonesia
76%
63 Austria
70%
60 Países Bajos
70%
84 Vietnam
57%
75 Irán
49%
70 Irak
24%
No se encontraron pruebas coincidentes
Distribución de puntuación
Porcentaje de gente con cada puntuación
Porcentaje por número respondido
Historial de tus puntuaciones
No has intentado esta prueba.